MARC

LEADER 00000nam0a2200000 4500
001 283945
005 20231031233538.0
035 |a (RuTPU)RU\TPU\book\308083 
090 |a 283945 
100 |a 20150211d1951 m y0rusy50 ca 
101 0 |a rus 
102 |a RU 
105 |a a j 001zy 
200 1 |a Основы производства твердых сплавов  |e учебное пособие для металлургических техникумов  |f В. С. Раковский, Н. Р. Андерс 
210 |a Москва  |c Металлургиздат  |d 1951 
215 |a 215 с.  |c ил. 
320 |a Библиогр.: с. 214-215 
606 1 |a Твердые сплавы  |x Производство  |2 stltpush  |3 (RuTPU)RU\TPU\subj\58611 
610 1 |a металловедение 
610 1 |a металлокерамические сплавы 
610 1 |a металлические порошки 
610 1 |a тугоплавкие металлы 
610 1 |a размол 
610 1 |a формирование 
610 1 |a спекание 
610 1 |a металлокерамические сплавы 
610 1 |a металлообработка 
610 1 |a карбиды 
610 1 |a технический контроль 
610 1 |a производство 
610 1 |a экономические аспекты 
610 1 |a стеллиты 
610 1 |a учебные пособия 
675 |a 669.018.25(075.32)  |v 3 
700 1 |a Раковский  |b В. С.  |g Валентин Сергеевич 
701 1 |a Андерс  |b Н. Р.  |g Николай Рудольфович 
801 1 |a RU  |b 63413507  |c 20150211 
801 2 |a RU  |b 63413507  |c 20171003  |g RCR 
942 |c BK